Aplicación de la fluorescencia de rayos X al análisis de aleaciones y comparación con otras técnicas
Salvato in:
| Autore principale: | |
|---|---|
| Natura: | Libro |
| Pubblicazione: |
San José, Costa Rica
1988
|
| Soggetti: | |
| Tags: |
Aggiungi Tag
Nessun Tag, puoi essere il primo ad aggiungerne!!
|
MARC
| LEADER | 00000nam a2200000Ia 4500 | ||
|---|---|---|---|
| 003 | 005256 | ||
| 005 | 20221231144326.0 | ||
| 008 | 140114s1988 cr a m 000 ||s d | ||
| 040 | |c cru CEDI | ||
| 090 | |a TFG 2508 | ||
| 100 | |a Matamoros Jiménez, José Miguel |9 12626 | ||
| 245 | |a Aplicación de la fluorescencia de rayos X al análisis de aleaciones y comparación con otras técnicas | ||
| 260 | |c 1988 |a San José, Costa Rica | ||
| 300 | |a x, 245 hojas : ilustraciones ; 28 cm | ||
| 500 | |a Práctica dirigida (licenciatura en ingeniería mecánica)--Universidad de Costa Rica. Facultad de Ingeniería. Escuela de Ingenieria Mecánica | ||
| 650 | |x RAYOS X |x FLUORESCENCIA |x ALEACIONES |x ANALISIS |9 12627 | ||
| 942 | |c TFG | ||
| 999 | |c 20190 |d 20190 | ||
